[Event "TUR Cup"]
[Site "Antalya"]
[Date "2017.02.04"]
[Round "11"]
[White "Barlas, Berat"]
[Black "Ozbakir, Ahmet Emre"]
[Result "1-0"]
[WhiteElo "1182"]
[BlackElo "1530"]
[PlyCount "73"]
[EventDate "2017.01.28"]
[EventType "swiss"]
[EventRounds "11"]
[EventCountry "TUR"]
[SourceTitle "EXT 2018"]
[Source "ChessBase"]
[SourceDate "2017.10.13"]
[SourceVersion "1"]
[SourceVersionDate "2017.10.13"]
[SourceQuality "1"]

1. d4 c6 2. c4 d5 3. Nc3 Nf6 4. Bg5 Bf5 5. g3 dxc4 6. Bxf6 exf6 7. e4 Be6 8. d5 cxd5 9. exd5 Bd7 10. Bxc4 Bc5 11. Qe2+ Qe7 12. Qxe7+ Bxe7 13. Nf3 0-0 14. 0-0 a6 15. Rfe1 Bb4 16. a3 Bc5 17. b4 Bd6 18. Rac1 b5 19. Bd3 Bg4 20. Nd4 Nd7 21. Bf5 Bxf5 22. Nxf5 Be5 23. f4 Bb8 24. Ne7+ Kh8 25. Nc6 Bc7 26. Re7 Bb6+ 27. Kg2 Nb8 28. Rb7 Be3 29. Rc2 f5 30. Kf3 Nxc6 31. dxc6 Bd4 32. Nd5 a5 33. c7 axb4 34. axb4 Rfe8 35. Rxb5 g6 36. Ra5 Rac8 37. b5 1-0

[Event "TUR Cup"]
[Site "Antalya"]
[Date "2017.02.02"]
[Round "9"]
[White "Kocyigit, Buse Naz"]
[Black "Ozbakir, Ahmet Emre"]
[Result "1-0"]
[WhiteElo "1669"]
[BlackElo "1530"]
[PlyCount "24"]
[EventDate "2017.01.28"]
[EventType "swiss"]
[EventRounds "11"]
[EventCountry "TUR"]
[SourceTitle "CBM 176 Extra"]
[Source "ChessBase"]
[SourceDate "2017.03.02"]
[SourceVersion "1"]
[SourceVersionDate "2017.03.02"]
[SourceQuality "1"]

1. d4 d5 2. Bf4 Nf6 3. e3 Bf5 4. h3 e6 5. Be2 c5 6. c3 Be7 7. Nd2 0-0 8. Ngf3 Nc6 9. Nh4 Bg6 10. Nxg6 hxg6 11. 0-0 Rc8 12. Bd3 Qb6 1-0

[Event "TUR Cup"]
[Site "Antalya"]
[Date "2017.02.01"]
[Round "7"]
[White "Ulu, Ekrem"]
[Black "Ozbakir, Ahmet Emre"]
[Result "1/2-1/2"]
[WhiteElo "1610"]
[BlackElo "1530"]
[PlyCount "110"]
[EventDate "2017.01.28"]
[EventType "swiss"]
[EventRounds "11"]
[EventCountry "TUR"]
[SourceTitle "CBM 176 Extra"]
[Source "ChessBase"]
[SourceDate "2017.03.02"]
[SourceVersion "1"]
[SourceVersionDate "2017.03.02"]
[SourceQuality "1"]

1. d4 d5 2. c4 e6 3. Nf3 Nf6 4. g3 Be7 5. Bg2 Nbd7 6. cxd5 exd5 7. Nc3 0-0 8. 0-0 Re8 9. Qc2 c6 10. Re1 Nf8 11. Ne5 Bd6 12. f4 N6d7 13. Bd2 Nxe5 14. fxe5 Be7 15. e4 dxe4 16. Qxe4 Be6 17. Be3 Nd7 18. d5 cxd5 19. Nxd5 Nc5 20. Nxe7+ Qxe7 21. Qd4 Rac8 22. Qd6 b6 23. b4 Nd7 24. Rac1 Qd8 25. Bb7 Rxc1 26. Rxc1 Qb8 27. Rc7 Nf8 28. Bg5 Ng6 29. Bc6 Rc8 30. Rxc8+ Qxc8 31. Bd5 Bxd5 32. Qxd5 h6 33. Be3 Qe8 34. Bd4 Qa4 35. e6 Qd1+ 36. Kf2 Qc2+ 37. Ke3 Qc1+ 38. Kd3 Qb1+ 39. Kc3 Qe1+ 40. Kb3 Qxe6 41. Qxe6 fxe6 42. Kc4 e5 43. Bg1 Ne7 44. Kb5 Nd5 45. Kc4 Nc7 46. a4 Kf7 47. b5 Ke6 48. a5 Ne8 49. a6 Nc7 50. Be3 Kf5 51. Bd2 Ke4 52. Bb4 Ne8 53. Be7 g5 54. Bf8 h5 55. Be7 g4 1/2-1/2

[Event "Manavgat Turkey Cup"]
[Site "Manavgat"]
[Date "2016.02.02"]
[Round "6"]
[White "Ozbakir, Ahmet Emre"]
[Black "Topbas, Ilter"]
[Result "1-0"]
[WhiteElo "1678"]
[BlackElo "1337"]
[PlyCount "37"]
[EventDate "2016.01.30"]
[EventType "swiss"]
[EventRounds "11"]
[EventCountry "TUR"]
[SourceTitle "CBM 170 Extra"]
[Source "ChessBase"]
[SourceDate "2016.02.25"]
[SourceVersion "1"]
[SourceVersionDate "2016.02.25"]
[SourceQuality "1"]

1. e4 c5 2. Nf3 e6 3. d4 cxd4 4. Nxd4 a6 5. Be2 Nf6 6. Bg5 Be7 7. Nd2 b5 8. 0-0 Bb7 9. Bd3 Qc7 10. Qe2 d6 11. Kh1 Nbd7 12. c3 Rc8 13. f4 0-0 14. Rae1 Rfd8 15. Qf3 Nc5 16. Bc2 g6 17. Qh3 Nfd7 18. Rf3 e5 19. Ref1 1-0

[Event "Manavgat Turkey Cup"]
[Site "Manavgat"]
[Date "2016.02.02"]
[Round "5"]
[White "Toren, Kadir"]
[Black "Ozbakir, Ahmet Emre"]
[Result "1-0"]
[WhiteElo "1400"]
[BlackElo "1678"]
[PlyCount "92"]
[EventDate "2016.01.30"]
[EventType "swiss"]
[EventRounds "11"]
[EventCountry "TUR"]
[SourceTitle "CBM 170 Extra"]
[Source "ChessBase"]
[SourceDate "2016.02.25"]
[SourceVersion "1"]
[SourceVersionDate "2016.02.25"]
[SourceQuality "1"]

1. e4 e6 2. d4 d5 3. e5 c5 4. Nf3 cxd4 5. Nxd4 Nc6 6. Nxc6 bxc6 7. Bd3 Ne7 8. 0-0 Ng6 9. Qh5 Be7 10. Bxg6 fxg6 11. Qf3 Bd7 12. Nc3 Rf8 13. Qh3 h6 14. Qg4 Kf7 15. Ne2 g5 16. b3 Kg8 17. h4 Rf5 18. Ng3 Rf7 19. hxg5 Bxg5 20. Bxg5 Qxg5 21. Qxg5 hxg5 22. Rad1 Rb8 23. Rd4 Rf4 24. Rfd1 c5 25. R4d2 a5 26. Rb1 Kf7 27. f3 Ke7 28. Rbd1 a4 29. Ne4 axb3 30. axb3 Rc8 31. Nd6 Ra8 32. Rf2 Ra2 33. g3 Rf8 34. c4 Rxf2 35. Kxf2 Bc6 36. cxd5 Bxd5 37. Rd3 g4 38. f4 g5 39. f5 Rb8 40. f6+ Kf8 41. Nc4 Kf7 42. Ne3 Rxb3 43. Rxb3 Bxb3 44. Nxg4 Kg6 45. Ke3 Ba4 46. Nf2 Be8 1-0

[Event "Manavgat Turkey Cup"]
[Site "Manavgat"]
[Date "2016.02.01"]
[Round "4"]
[White "Ozbakir, Ahmet Emre"]
[Black "Keskin, Cengiz"]
[Result "0-1"]
[WhiteElo "1678"]
[BlackElo "1491"]
[PlyCount "55"]
[EventDate "2016.01.30"]
[EventType "swiss"]
[EventRounds "11"]
[EventCountry "TUR"]
[SourceTitle "CBM 170 Extra"]
[Source "ChessBase"]
[SourceDate "2016.02.25"]
[SourceVersion "1"]
[SourceVersionDate "2016.02.25"]
[SourceQuality "1"]

1. e4 Nf6 2. Nc3 d6 3. Nf3 Bg4 4. Bc4 e6 5. 0-0 Be7 6. d4 0-0 7. Re1 c6 8. Bf4 Nxe4 9. Nxe4 d5 10. Bd3 dxe4 11. Rxe4 Bf5 12. Re3 Bxd3 13. Qxd3 Nd7 14. Nd2 Bg5 15. Rh3 f5 16. Bd6 Rf6 17. Nf3 Rg6 18. Re1 Qf6 19. Qb3 b6 20. Nxg5 Qxg5 21. Rg3 Qd2 22. Bb4 Qxd4 23. Rxe6 Rxe6 24. Qxe6+ Kh8 25. Be1 Nf6 26. h3 Re8 27. Rd3 Rxe6 28. Rxd4 0-1

[Event "TUR-ch"]
[Site "Antalya"]
[Date "2013.02.08"]
[Round "10"]
[White "Ozbakir, Ahmet Emre"]
[Black "Atas, Remzi"]
[Result "1-0"]
[WhiteElo "1768"]
[BlackElo "1606"]
[PlyCount "51"]
[EventDate "2013.02.02"]
[EventType "swiss"]
[EventRounds "11"]
[EventCountry "TUR"]
[SourceTitle "CBM 152 Extra"]
[Source "ChessBase"]
[SourceDate "2013.02.25"]
[SourceVersion "1"]
[SourceVersionDate "2013.02.25"]
[SourceQuality "1"]

1. e4 e5 2. Nf3 Nc6 3. d4 exd4 4. Nxd4 Bc5 5. Be3 Qf6 6. c3 Bb6 7. Be2 Nge7 8. 0-0 0-0 9. f4 Nxd4 10. cxd4 d6 11. Nc3 c6 12. g4 Ng6 13. f5 Nh8 14. g5 Qd8 15. Bc4 Qe8 16. Qf3 Qd7 17. Qh5 g6 18. Qh6 gxf5 19. exf5 Qxf5 20. Rxf5 Bxf5 21. Rf1 Bg6 22. Na4 Bc7 23. d5 b5 24. Bd4 f6 25. Rxf6 c5 26. Rxf8+ 1-0

[Event "TUR-ch"]
[Site "Antalya"]
[Date "2013.02.07"]
[Round "8"]
[White "Ozbakir, Ahmet Emre"]
[Black "Duzgun, Mehmet"]
[Result "0-1"]
[WhiteElo "1768"]
[BlackElo "1965"]
[PlyCount "152"]
[EventDate "2013.02.02"]
[EventType "swiss"]
[EventRounds "11"]
[EventCountry "TUR"]
[SourceTitle "CBM 152 Extra"]
[Source "ChessBase"]
[SourceDate "2013.02.25"]
[SourceVersion "1"]
[SourceVersionDate "2013.02.25"]
[SourceQuality "1"]

1. e4 c5 2. Nf3 d6 3. d4 cxd4 4. Nxd4 Nf6 5. Nc3 g6 6. Be2 Bg7 7. Be3 a6 8. Qd2 b5 9. f3 Nbd7 10. Bh6 Bxh6 11. Qxh6 Nb6 12. 0-0-0 Qc7 13. a3 Bd7 14. Rd3 Nc4 15. Nd5 Nxd5 16. exd5 Qb7 17. Nb3 Bf5 18. Rd4 a5 19. g4 Bd7 20. Qg7 Rf8 21. Re1 Ne3 22. Bd3 Nxd5 23. Rxd5 Qxd5 24. Be4 Qe6 25. Nd4 Qe5 26. Qxe5 dxe5 27. Bxa8 exd4 28. Re4 f5 29. gxf5 Rxf5 30. Rxd4 Rh5 31. Rd2 Be6 32. Re2 Bc4 33. Rg2 Kf7 34. Kd2 Kf6 35. Ke3 e5 36. Bc6 a4 37. Bd7 Rh4 38. Rd2 Kg5 39. Rg2+ Kf6 40. Rd2 Ke7 41. Bc6 Ke6 42. Be8 Rh5 43. Bd7+ Kf6 44. b3 axb3 45. cxb3 Bxb3 46. Bxb5 e4 47. Bc6 exf3 48. Bxf3 Ra5 49. Rd3 Bc4 50. Rc3 Be6 51. Bc6 Rh5 52. Rc2 Rh3+ 53. Bf3 Bd5 54. Rf2 Ke5 55. Ke2 Bxf3+ 56. Rxf3 Rxh2+ 57. Kd3 Rh4 58. Ke2 Ra4 59. Rh3 h5 60. Kf2 h4 61. Rb3 g5 62. Kf3 g4+ 63. Kg2 Kf4 64. Rc3 Re4 65. Rc2 h3+ 66. Kg1 Re3 67. a4 g3 68. Rc1 Ra3 69. Rf1+ Kg4 70. Rc1 Rxa4 71. Rb1 Rd4 72. Rc1 Rd3 73. Ra1 Kf3 74. Rf1+ Ke2 75. Kh1 g2+ 76. Kh2 gxf1N+ 0-1

[Event "TUR-ch"]
[Site "Antalya"]
[Date "2013.02.05"]
[Round "5"]
[White "Ozmen, Halil Nejat"]
[Black "Ozbakir, Ahmet Emre"]
[Result "1-0"]
[WhiteElo "2016"]
[BlackElo "1768"]
[PlyCount "95"]
[EventDate "2013.02.02"]
[EventType "swiss"]
[EventRounds "11"]
[EventCountry "TUR"]
[SourceTitle "CBM 152 Extra"]
[Source "ChessBase"]
[SourceDate "2013.02.25"]
[SourceVersion "1"]
[SourceVersionDate "2013.02.25"]
[SourceQuality "1"]

1. d4 d5 2. c4 e6 3. Nc3 Nf6 4. Bg5 Nbd7 5. e3 Be7 6. Nf3 0-0 7. Bd3 b6 8. cxd5 exd5 9. 0-0 Bb7 10. Rc1 a6 11. Qe2 Ne4 12. Bf4 Bd6 13. Bxd6 Nxd6 14. Qc2 f5 15. Ne2 Rc8 16. Nf4 Qf6 17. b4 Ne4 18. a4 g5 19. Nh5 Qd6 20. Qb2 f4 21. Ne5 Nxe5 22. dxe5 Qh6 23. Bxe4 Qxh5 24. Qa2 c6 25. exf4 Rxf4 26. f3 Kg7 27. g4 Qh6 28. Bf5 Rf8 29. Qb2 R4xf5 30. gxf5 Rxf5 31. e6+ Qf6 32. Qxf6+ Kxf6 33. Rfe1 Ke7 34. Kg2 Rf6 35. Kg3 Rxe6 36. Kg4 Rxe1 37. Rxe1+ Kf6 38. Re8 c5 39. Rb8 c4 40. Rxb7 d4 41. Rxb6+ Ke5 42. b5 axb5 43. a5 d3 44. Rxb5+ Kd4 45. a6 d2 46. Rb8 Kc5 47. Rd8 c3 48. a7 1-0

[Event "TUR-ch"]
[Site "Antalya"]
[Date "2013.02.03"]
[Round "3"]
[White "Kayaman, Metin"]
[Black "Ozbakir, Ahmet Emre"]
[Result "1/2-1/2"]
[WhiteElo "1908"]
[BlackElo "1768"]
[PlyCount "109"]
[EventDate "2013.02.02"]
[EventType "swiss"]
[EventRounds "11"]
[EventCountry "TUR"]
[SourceTitle "CBM 152 Extra"]
[Source "ChessBase"]
[SourceDate "2013.02.25"]
[SourceVersion "1"]
[SourceVersionDate "2013.02.25"]
[SourceQuality "1"]

1. c4 e5 2. Nc3 Nf6 3. g3 Nc6 4. Bg2 Bc5 5. d3 0-0 6. Nf3 Re8 7. 0-0 h6 8. a3 a5 9. Rb1 d6 10. Nd2 Bg4 11. Nde4 Nxe4 12. Nxe4 Ba7 13. h3 Bh5 14. g4 Bg6 15. Ng3 Qh4 16. e3 Rf8 17. Nf5 Qf6 18. Qf3 Kh7 19. Rd1 Rab8 20. b4 a4 21. Bb2 Ne7 22. Ng3 Qe6 23. e4 f6 24. Nf5 Be8 25. Ne3 Ng6 26. Nd5 Nh4 27. Qg3 Nxg2 28. Kxg2 Qf7 29. Nc3 Bd4 30. b5 Ra8 31. Ne2 Bb6 32. Bc3 Bd7 33. Qf3 g6 34. Ng3 f5 35. exf5 gxf5 36. gxf5 Bxf5 37. Nxf5 Qxf5 38. Qxf5+ Rxf5 39. d4 Rg8+ 40. Kf1 Rf3 41. c5 dxc5 42. dxc5 Rxc3 43. cxb6 cxb6 44. Rd7+ Rg7 45. Rd6 Rxh3 46. Rb4 Rxa3 47. Rh4 Rg6 48. Rd7+ Kg8 49. Rc4 Rf6 50. Rxb7 Rb3 51. Rc8+ Rf8 52. Rcc7 Ra8 53. Rg7+ Kf8 54. Rh7 Kg8 55. Rhg7+ 1/2-1/2